000 00348nam a22001457a 4500
003 OSt
005 20260320143902.0
008 260320b |||||||| |||| 00| 0 eng d
040 _cIIMT UNIVERSITY MEERUT
100 _aG.V.R.K. ACHARYULU
245 _aPharmacy Administration
260 _aNEW DELHI
_bCBS
300 _aVER
942 _2ddc
_c01
999 _c67321
_d67321